H. Fehr Publication du Comité Central (de La Commission internationale de l'enseignement mathématique) 2me série, fasc. I. : Geneve, 1912 /

Elmentve itt :
Bibliográfiai részletek
Szerzők: Goldziher Károly
Fehr Henri
Dokumentumtípus: Cikk
Megjelent: 1913
Sorozat:Magyar pedagógia : a Magyar Tudományos Akadémia Pedagógiai Bizottságának folyóirata 22
Kulcsszavak:Matematika tanítása 1912, Matematika tanítása
Online Access:http://misc.bibl.u-szeged.hu/9062
LEADER 00824nab a2200193 i 4500
001 misc9062
005 20191106143540.0
008 170607s1913 hu o 0|| hun d
022 |a 0025-0260 
040 |a SZTE Miscellanea Repozitórium  |b hun 
041 |a hun 
100 1 |a Goldziher Károly 
245 1 0 |a H. Fehr   |h [elektronikus dokumentum] :  |b Publication du Comité Central (de La Commission internationale de l'enseignement mathématique) 2me série, fasc. I. : Geneve, 1912 /  |c  Goldziher Károly 
260 |c 1913 
300 |a 129-133 
490 0 |a Magyar pedagógia : a Magyar Tudományos Akadémia Pedagógiai Bizottságának folyóirata  |v 22 
695 |a Matematika tanítása 1912, Matematika tanítása 
700 0 1 |a Fehr Henri  |e aut 
856 4 0 |u http://misc.bibl.u-szeged.hu/9062/1/mp_1913_1845_129-133.pdf  |z Dokumentum-elérés